Herederos del futuro : (Record no. 8894)
[ view plain ]
| 000 -LEADER | |
|---|---|
| fixed length control field | 00964 #a2200217 #4500 |
| 005 - DATE AND TIME OF LATEST TRANSACTION | |
| control field | 20230710164234.0 |
| 008 - FIXED-LENGTH DATA ELEMENTS--GENERAL INFORMATION | |
| fixed length control field | aespañol |
| 020 ## - INTERNATIONAL STANDARD BOOK NUMBER | |
| International Standard Book Number | 978-987-693-023-9 (versión impresa) |
| 082 ## - DEWEY DECIMAL CLASSIFICATION NUMBER | |
| Edition number | 14 |
| Classification number | 324 |
| 100 1# - MAIN ENTRY--PERSONAL NAME | |
| 9 (RLIN) | 17447 |
| Personal name | Chaves, Guillermo Justo |
| 245 10 - TITLE STATEMENT | |
| Title | Herederos del futuro : |
| Remainder of title | esperanza y desafios para una nueva Argentina / |
| Statement of responsibility, etc | Guillermo Justo Chaves |
| 260 ## - PUBLICATION, DISTRIBUTION, ETC. (IMPRINT) | |
| Place of publication, distribution, etc | Buenos Aires: |
| Name of publisher, distributor, etc | CICCUS, |
| Date of publication, distribution, etc | 2013 |
| 300 ## - PHYSICAL DESCRIPTION | |
| Extent | 288 p. |
| 505 ## - FORMATTED CONTENTS NOTE | |
| Title | Prólogo. Interpelación.<br/> |
| -- | Política para el siglo XXI.<br/> |
| -- | Democracia. Cultura y estilos de vida.<br/> |
| -- | El Estado. Un amigo presente.<br/> |
| -- | Nuevos liderazgos y renovación política.<br/> |
| -- | El peronismo, una mirada generacional.<br/> |
| -- | Síntesis para la reflexión crítica. Lecturas complementarias. Epílogo. |
| 650 27 - SUBJECT ADDED ENTRY--TOPICAL TERM | |
| Topical term or geographic name as entry element | PARTICIPACION POLITICA |
| Source of heading or term | unescot |
| 650 27 - SUBJECT ADDED ENTRY--TOPICAL TERM | |
| Topical term or geographic name as entry element | GOBIERNO |
| Source of heading or term | unescot |
| 650 24 - SUBJECT ADDED ENTRY--TOPICAL TERM | |
| Topical term or geographic name as entry element | PERONISMO |
| 9 (RLIN) | 553 |
| 651 ## - SUBJECT ADDED ENTRY--GEOGRAPHIC NAME | |
| Geographic name | ARGENTINA |
| 942 ## - ADDED ENTRY ELEMENTS (KOHA) | |
| Source of classification or shelving scheme | Dewey Decimal Classification |
| Item type | Libro, folleto, traducción |
| 980 ## - EQUIVALENCE OR CROSS-REFERENCE-SERIES STATEMENT--PERSONAL NAME/TITLE [LOCAL, CANADA] | |
| Linkage | 19226 |
| Personal name | Palazón Marcela I. |
| Field link and sequence number | 19226 |
| Miscellaneous information | Palazón Marcela I. |
| Withdrawn status | Lost status | Source of classification or shelving scheme | Damaged status | Not for loan | Home library | Current library | Date acquired | Total Checkouts | Full call number | Barcode | Date last seen | Copy number | Price effective from | Koha item type |
|---|---|---|---|---|---|---|---|---|---|---|---|---|---|---|
| Dewey Decimal Classification | Biblioteca Central | Biblioteca Central | 10/07/2023 | 324 CHA | UNAJ23070035 | 17/03/2025 | 1 | 10/07/2023 | Libro, folleto, traducción |